000 00852nam a2200349Ia 4500
005 20260514124338.0
008 008 261405s9999 xx 000 0 eng d
037 _aThesis
040 _aCRL
040 _beng
040 _cCRL
041 _2eng
041 _aeng
084 _qCRL
100 _aGoel Dr.Ishan
_91239465
245 0 _aSonographic Assessment of Acute Abdomen in Children.
260 _aDelhi
260 _bUniversity of Delhi
260 _c2015
300 _a91p.
502 _bPh.D.
502 _cUniversity of Delhi
502 _d2015
541 _oThesis
650 _aRadiodiagnosis
_91239449
700 _aDr.M.K.Narula
700 _aDr.Rama Anand,
_91239464
700 _aDr.Subhasis Roy Choudhury
_91239467
710 _aRadiodiagnosis
_91239454
942 _cTH
999 _c1851702
_d1851702